| 000 | 01410nam a22002057a 4500 | ||
|---|---|---|---|
| 005 | 20220111110327.0 | ||
| 008 | 220111b ||||| |||| 00| 0 eng d | ||
| 020 | _a9781406362190 | ||
| 040 | _cAL | ||
| 041 | _aEnglish | ||
| 082 |
_a813.6 _bCLAC |
||
| 100 |
_aCassandra Clare _912891 |
||
| 245 | _aCity of fallen angels | ||
| 260 |
_aLondon _bWalker books _c2015 |
||
| 300 |
_a434p. _bPB _c20x13cm |
||
| 365 |
_2general _a4477 _b351 _c₹ _d450 _e22% _f18-12-2021 |
||
| 520 | _aFourth in Cassandra Clare's internationally bestselling Mortal Instruments series about the Shadowhunters. Discover more secrets about the Shadowhunters in the fourth of 6 brand-new collectable editions of the internationally bestselling Mortal Instruments series. To love is to destroy... The Mortal War is over, and Clary Fray is home in New York, excited about all the possibilities before her. She's training to become a Shadowhunter and - most importantly of all - she can finally call Jace her boyfriend. But her happiness has come at a price... Cover art by Mila Furstova, the artist who created the album art for Coldplay's Ghost Stories. Read all the sensational books in The Shadowhunter Chronicles: The Mortal Instruments, The Infernal Devices, Tales from the Shadowhunter Academy, The Bane Chronicles, The Dark Artifices, The Last Hours and The Shadowhunter's Codex. | ||
| 650 |
_aliterature _912892 |
||
| 942 |
_2ddc _cBK |
||
| 999 |
_c221149 _d221149 |
||